| 000 | 00696nam a2200181 4500 | ||
|---|---|---|---|
| 082 |
_a624.20212 _bSTA |
||
| 110 | 2 |
_aAmerican Association of State Highway Officials. _919665 |
|
| 245 | 1 | 0 |
_aStandard specifications for highway bridges, _cadopted by the American association of state highway officials. |
| 250 | _a6th ed. | ||
| 260 |
_aWashington, D.C., _bThe Association, _c1996. |
||
| 300 |
_axx, 262, [5] p. incl. tables, diagrs. _c24 cm. |
||
| 500 | _a"Contains all revisions adopted up to January 1, 1944."--Introd. | ||
| 500 | _aOn spine: Specifications for highway bridges. | ||
| 526 |
_a0 _b0 _c0 _d624_202120000000000_STA |
||
| 650 | 0 | _aBridges | |
| 650 | 0 |
_aMCE _9379 |
|
| 942 |
_2ddc _cBK |
||
| 999 |
_c547208 _d547208 |
||